000 01189pam a2200337 a 4500
001 3433487
003 OSt
005 20140310181652.0
008 910827s1992 maua j 000 1 eng
010 _a 91031016
020 _a0440408164
040 _aDLC
_cDLC
_dDLC
042 _alcac
050 0 0 _aPZ 7
_b.L921 1992
082 0 0 _aKF
_bL95a 1992
100 1 _aLowry, Lois.
_93746
245 1 0 _aAttaboy, Sam! /
_cLois Lowry ; illustrated by Diane de Groat.
260 _aBoston :
_bHoughton Mifflin,
_cc1992.
300 _a116 p. :
_bill. ;
_c22 cm.
541 _j1
562 _e1
650 1 _aGifts
_xFiction.
_96303
650 1 _aBirthdays
_xFiction.
_96304
650 1 _aFamily life
_xFiction.
_96305
700 1 _aDe Groat, Diane,
_eill.
_96306
856 4 2 _3Publisher description
_uhttp://www.loc.gov/catdir/description/hm021/91031016.html
856 4 2 _3Contributor biographical information
_uhttp://www.loc.gov/catdir/enhancements/fy0735/91031016-b.html
906 _a7
_bcbc
_corignew
_d1
_eocip
_f19
_gy-gencatlg
942 _2lcc
_cBK-KF
_kKF
999 _c1018
_d1018